| 000 -LEADER |
| fixed length control field |
00770nam a22001217a 4500 |
| 040 ## - CATALOGING SOURCE |
| Transcribing agency |
RUA |
| 082 ## - DEWEY DECIMAL CLASSIFICATION NUMBER |
| Classification number |
LMA SOK 2024 B1-398 Or.1 |
| 100 ## - MAIN ENTRY--AUTHOR NAME |
| Personal name |
SOK PISETH សុខ ពិសិដ្ឋ |
| 245 ## - TITLE STATEMENT |
| Title |
STUDY OF CREATING A LAND USE MASTER PLAN FOR ODONGK MAECHAY CITY, KAMPONG SPEU PROVINCE, USING GIS ការសិក្សាអំពីការប្រើប្រាស់ប្រព័ន្ធព័ត៌មានភូមិសាស្ត្រ (GIS) ដើម្បីគាំទ្រការកសាងផែនទីប្លង់គោលប្រើប្រាស់ដីក្រុងឧដុង្គម៉ែជ័យ ខេត្តកំពង់ស្ពឺ |
| 260 ## - PUBLICATION, DISTRIBUTION, ETC. (IMPRINT) |
| Place of publication |
RUA |
| Name of publisher |
PHNOM PENH |
| Year of publication |
2024 |
| 300 ## - PHYSICAL DESCRIPTION |
| Number of Pages |
x |
| Other physical details |
ill |
| Dimensions |
29cm |
| 942 ## - ADDED ENTRY ELEMENTS (KOHA) |
| Koha item type |
LMA |
| 952 ## - LOCATION AND ITEM INFORMATION (KOHA) |
| Withdrawn status [LOCAL, KOHA] |
0 |
| 952 ## - LOCATION AND ITEM INFORMATION (KOHA) |
| Withdrawn status [LOCAL, KOHA] |
0 |